[Event "2016 Redpath Mining Millionaire Chess Open"]
[Site "Venue: Old Ed’s Sports Complex, Houghton, Johannesburg"]
[Date "2016.07.13"]
[Round "1"]
[Board "12"]
[White "Mostert, Gert"]
[Black "Salimu, Reuben"]
[Result "0-1"]
[WhiteElo "1457"]
[BlackElo "1949"]
[PlyCount "0"]
[EventDate "2016.07.13"]
[EventRounds "9"]
[EventCountry "RSA"]

1. e4 {[%clk 1:30:57]} c5 {[%clk 1:30:31]} 2. Nc3 {[%clk 1:31:07]} Nc6
{[%clk 1:30:54]} 3. f4 {[%clk 1:31:05]} g6 {[%clk 1:31:18]} 4. Nf3
{[%clk 1:31:04]} Bg7 {[%clk 1:31:39]} 5. Bb5 {[%clk 1:30:36]} Nd4
{[%clk 1:31:53]} 6. Bc4 {[%clk 1:30:22]} d6 {[%clk 1:32:15]} 7. O-O
{[%clk 1:30:03]} e6 {[%clk 1:32:36]} 8. d3 {[%clk 1:29:48]} Ne7 {[%clk 1:31:44]}
9. Be3 {[%clk 1:29:33]} Nec6 {[%clk 1:31:59]} 10. Rb1 {[%clk 1:28:32]} O-O
{[%clk 1:30:55]} 11. Ne2 {[%clk 1:26:01]} d5 {[%clk 1:28:32]} 12. Bxd4
{[%clk 1:24:53]} cxd4 {[%clk 1:28:32]} 13. exd5 {[%clk 1:24:37]} exd5
{[%clk 1:28:50]} 14. Bb5 {[%clk 1:24:14]} Bg4 {[%clk 1:27:35]} 15. h3
{[%clk 1:23:10]} Bxf3 {[%clk 1:27:47]} 16. Rxf3 {[%clk 1:23:34]} Ne7
{[%clk 1:26:50]} 17. Ba4 {[%clk 1:22:01]} Rc8 {[%clk 1:20:44]} 18. Qd2
{[%clk 1:19:26]} a6 {[%clk 1:17:48]} 19. Ng3 {[%clk 1:16:07]} b5 {[%clk 1:14:57]}
20. Bb3 {[%clk 1:15:52]} Bh6 {[%clk 1:08:46]} 21. Qf2 {[%clk 1:12:30]} Nc6
{[%clk 1:08:58]} 22. a3 {[%clk 1:10:17]} Qd7 {[%clk 1:07:57]} 23. Re1
{[%clk 1:08:38]} Rfe8 {[%clk 1:06:35]} 24. Qf1 {[%clk 1:04:56]} b4
{[%clk 0:59:50]} 25. Rxe8+ {[%clk 0:58:41]} Rxe8 {[%clk 1:00:11]} 26. Ne2
{[%clk 0:57:42]} bxa3 {[%clk 0:59:18]} 27. bxa3 {[%clk 0:57:51]} Na5
{[%clk 0:57:04]} 28. Nxd4 {[%clk 0:56:33]} Qa7 {[%clk 0:57:20]} 29. Qf2
{[%clk 0:56:38]} Bg7 {[%clk 0:57:32]} 30. Ne2 {[%clk 0:55:26]} Qe7
{[%clk 0:55:10]} 31. Kf1 {[%clk 0:54:20]} Nxb3 {[%clk 0:54:57]} 32. cxb3
{[%clk 0:54:20]} Qxa3 {[%clk 0:55:15]} 33. Qb6 {[%clk 0:52:33]} Qa1+
{[%clk 0:54:50]} 34. Kf2 {[%clk 0:52:12]} Bd4+ {[%clk 0:55:04]} 35. Nxd4
{[%clk 0:52:25]} Qe1# 0-1

[Event "2016 Redpath Mining Millionaire Chess Open"]
[Site "Venue: Old Ed’s Sports Complex, Houghton, Johannesburg"]
[Date "2016.07.13"]
[Round "1"]
[Board "13"]
[White "Mbedza, Richard"]
[Black "Shaw, Laurie Ann"]
[Result "1-0"]
[WhiteElo "1947"]
[BlackElo "1443"]
[PlyCount "0"]
[EventDate "2016.07.13"]
[EventRounds "9"]
[EventCountry "RSA"]

1. e4 {[%clk 1:30:42]} c5 {[%clk 1:30:48]} 2. d3 {[%clk 1:30:52]} Nc6
{[%clk 1:31:01]} 3. f4 {[%clk 1:29:51]} g6 {[%clk 1:31:07]} 4. Nf3
{[%clk 1:28:51]} Bg7 {[%clk 1:31:09]} 5. c3 {[%clk 1:28:44]} d6 {[%clk 1:30:28]}
6. Be2 {[%clk 1:28:27]} e6 {[%clk 1:27:13]} 7. O-O {[%clk 1:28:31]} Nge7
{[%clk 1:27:27]} 8. Be3 {[%clk 1:27:53]} O-O {[%clk 1:27:10]} 9. Nbd2
{[%clk 1:28:04]} a6 {[%clk 1:26:23]} 10. Qe1 {[%clk 1:27:11]} b5 {[%clk 1:25:14]}
11. Qh4 {[%clk 1:26:47]} b4 {[%clk 1:21:01]} 12. Kh1 {[%clk 1:24:43]} bxc3
{[%clk 1:17:07]} 13. bxc3 {[%clk 1:24:06]} Bxc3 {[%clk 1:16:32]} 14. Ng5
{[%clk 1:24:04]} h5 {[%clk 1:13:27]} 15. Bxh5 {[%clk 1:24:08]} Kg7
{[%clk 1:12:30]} 16. Bxg6 {[%clk 1:22:25]} Nxg6 {[%clk 1:06:23]} 17. Qh7+
{[%clk 1:21:25]} Kf6 {[%clk 1:06:39]} 18. e5+ {[%clk 1:20:24]} Ke7
{[%clk 1:04:37]} 19. exd6+ {[%clk 1:17:41]} Qxd6 {[%clk 1:02:50]} 20. Nde4
{[%clk 1:15:56]} Qxd3 {[%clk 0:59:49]} 21. Bxc5+ {[%clk 1:15:40]} Ke8
{[%clk 0:59:26]} 22. Rad1 {[%clk 1:14:27]} Qc4 {[%clk 0:56:46]} 23. Bxf8
{[%clk 1:13:25]} e5 {[%clk 0:54:21]} 24. Bc5 {[%clk 1:10:55]} Bd4
{[%clk 0:53:19]} 25. Nd6+ {[%clk 1:10:53]} Kd8 {[%clk 0:53:22]} 26. Nxc4
{[%clk 1:09:31]} Nxf4 {[%clk 0:52:49]} 27. Nxf7+ {[%clk 1:09:26]} Kc7
{[%clk 0:52:33]} 28. Nfxe5+ {[%clk 1:09:18]} Kb8 {[%clk 0:52:53]} 29. Nxc6#
{[%clk 1:09:18]} 1-0

[Event "2016 Redpath Mining Millionaire Chess Open"]
[Site "Venue: Old Ed’s Sports Complex, Houghton, Johannesburg"]
[Date "2016.07.13"]
[Round "1"]
[Board "14"]
[White "Claassen, Jean-Daniel"]
[Black "Mpya, Tshediso M"]
[Result "0-1"]
[WhiteElo "1436"]
[BlackElo "1941"]
[PlyCount "0"]
[EventDate "2016.07.13"]
[EventRounds "9"]
[EventCountry "RSA"]

1. d4 d5 2. Nf3 Nf6 3. e3 Bg4 4. c4 e6 5. Qb3 Qc8 6. Nc3 c6 7. Ne5 Bf5 8. Be2 Be7
9. O-O Nbd7 10. Bd3 Nxe5 11. Bxf5 Nxc4 12. Bd3 Nb6 13. Bd2 O-O 14. Rac1 Qd8 15.
f4 Rc8 16. Qc2 c5 17. dxc5 Bxc5 18. Rf3 Ne4 19. Rh3 f5 20. Qd1 Nd7 21. Nxe4 fxe4
22. Bb5 Nf6 23. g4 Qb6 24. Ba4 d4 25. g5 dxe3 26. Rxc5 exd2 27. b4 Rxc5 28. bxc5
Qxc5+ 29. Kh1 Qc1 30. gxf6 Qxd1+ 31. Bxd1 Rc8 32. Rg3 Rc1 33. Rg1 Rxd1 34. Rxd1
e3 35. fxg7 e2 36. Rxd2 e1=Q+ 37. Kg2 Qxd2+ 38. Kf3 Qxh2 39. Ke4 Qxa2 40. Ke5
Kxg7 41. f5 exf5 42. Kxf5 b5 43. Ke4 b4 44. Kd3 h5 45. Ke3 a5 46. Kf3 b3 47. Kg3
b2 48. Kh4 Kg6 49. Kh3 b1=Q 50. Kh4 Qac2 51. Kh3 a4 52. Kh4 a3 53. Kh3 a2 54. Kh4
a1=Q 55. Kh3 Qh1+ 56. Kg3 h4+ 57. Kf4 h3 58. Ke3 Qhb1 59. Kf4 h2 60. Kg3 h1=Q 61.
Kf4 Qa5 62. Ke3 Qbb3+ 63. Kd4 Qh4# 0-1

[Event "2016 Redpath Mining Millionaire Chess Open"]
[Site "Venue: Old Ed’s Sports Complex, Houghton, Johannesburg"]
[Date "2016.07.13"]
[Round "1"]
[Board "15"]
[White "Tembo, Epah"]
[Black "Dykema, Dirkho"]
[Result "1-0"]
[WhiteElo "1919"]
[BlackElo "1425"]
[PlyCount "0"]
[EventDate "2016.07.13"]
[EventRounds "9"]
[EventCountry "RSA"]

1. e4 {[%clk 1:30:55]} c6 {[%clk 1:30:54]} 2. Nc3 {[%clk 1:31:13]} d5
{[%clk 1:29:28]} 3. d3 {[%clk 1:31:22]} dxe4 {[%clk 1:29:30]} 4. Nxe4
{[%clk 1:31:34]} Nf6 {[%clk 1:29:35]} 5. Nxf6+ {[%clk 1:31:35]} gxf6
{[%clk 1:29:56]} 6. Be3 {[%clk 1:31:24]} Bf5 {[%clk 1:30:02]} 7. Qd2
{[%clk 1:29:39]} Qc7 {[%clk 1:28:13]} 8. Ne2 {[%clk 1:27:05]} Nd7
{[%clk 1:27:29]} 9. h3 {[%clk 1:26:53]} O-O-O {[%clk 1:25:35]} 10. g4
{[%clk 1:27:00]} Bg6 {[%clk 1:25:49]} 11. Bg2 {[%clk 1:26:53]} e5
{[%clk 1:25:01]} 12. O-O-O {[%clk 1:26:40]} Bc5 {[%clk 1:22:32]} 13. Bxc5
{[%clk 1:23:39]} Nxc5 {[%clk 1:22:50]} 14. Qc3 {[%clk 1:23:59]} Qb6
{[%clk 1:20:53]} 15. Rhf1 {[%clk 1:23:52]} Rd7 {[%clk 1:15:04]} 16. f4
{[%clk 1:23:50]} Na4 {[%clk 1:09:38]} 17. Qb3 {[%clk 1:23:57]} Qe3+
{[%clk 1:09:33]} 18. Rd2 {[%clk 1:21:08]} Nc5 {[%clk 1:08:55]} 19. Qc3
{[%clk 1:20:25]} Nxd3+ {[%clk 1:07:17]} 20. Kb1 {[%clk 1:18:04]} Rhd8
{[%clk 0:57:14]} 21. f5 {[%clk 1:18:10]} Qc5 {[%clk 0:46:44]} 22. Rxd3 1-0

[Event "2016 Redpath Mining Millionaire Chess Open"]
[Site "Venue: Old Ed’s Sports Complex, Houghton, Johannesburg"]
[Date "2016.07.13"]
[Round "1"]
[Board "16"]
[White "Schmidt, Nadia Esmeralda"]
[Black "February, Jesse Nikki"]
[Result "0-1"]
[WhiteElo "1394"]
[BlackElo "1906"]
[PlyCount "0"]
[EventDate "2016.07.13"]
[EventRounds "9"]
[EventCountry "RSA"]

1. Nf3 Nf6 {[%clk 1:30:49]} 2. g3 {[%clk 1:31:14]} d5 {[%clk 1:31:01]} 3. Bg2 c5
{[%clk 1:30:48]} 4. d3 {[%clk 1:31:36]} Nc6 {[%clk 1:30:58]} 5. O-O
{[%clk 1:31:31]} e5 {[%clk 1:31:15]} 6. Nbd2 {[%clk 1:30:30]} Bd6
{[%clk 1:30:17]} 7. c3 {[%clk 1:27:42]} O-O {[%clk 1:28:10]} 8. e4
{[%clk 1:27:32]} d4 {[%clk 1:27:51]} 9. Qc2 {[%clk 1:27:01]} h6 {[%clk 1:23:41]}
10. a4 {[%clk 1:21:44]} Be6 {[%clk 1:16:10]} 11. Re1 {[%clk 1:18:21]} Rc8
{[%clk 1:10:33]} 12. h3 {[%clk 1:15:34]} Qd7 {[%clk 1:10:01]} 13. Kh2
{[%clk 1:15:14]} Rfd8 {[%clk 1:08:51]} 14. Rd1 {[%clk 1:12:38]} Bb8
{[%clk 1:05:03]} 15. Ne1 {[%clk 1:09:21]} Nh7 {[%clk 0:58:25]} 16. Nf1
{[%clk 0:58:26]} f5 {[%clk 0:52:56]} 17. f3 {[%clk 0:49:32]} Qf7 {[%clk 0:43:29]}
18. c4 {[%clk 0:46:15]} fxe4 {[%clk 0:42:07]} 19. fxe4 {[%clk 0:45:14]} Rf8
{[%clk 0:42:11]} 20. Nf3 {[%clk 0:43:34]} Nb4 {[%clk 0:39:58]} 21. Qe2
{[%clk 0:41:55]} Rc6 {[%clk 0:35:25]} 22. Bd2 {[%clk 0:39:37]} Bxh3
{[%clk 0:30:55]} 23. Nxe5 {[%clk 0:32:16]} Bxe5 {[%clk 0:30:46]} 24. Kxh3
{[%clk 0:30:34]} Rf6 {[%clk 0:30:23]} 25. Be1 {[%clk 0:25:58]} Ng5+
{[%clk 0:27:10]} 26. Kh2 {[%clk 0:25:36]} Rxf1 {[%clk 0:27:19]} 27. Bxf1
{[%clk 0:24:10]} Qxf1 {[%clk 0:27:37]} 28. Qxf1 {[%clk 0:24:08]} Rxf1
{[%clk 0:27:59]} 29. Bxb4 {[%clk 0:23:59]} Rxd1 {[%clk 0:28:06]} 30. Rxd1
{[%clk 0:24:06]} cxb4 {[%clk 0:28:31]} 31. Rf1 {[%clk 0:23:38]} g6
{[%clk 0:28:20]} 32. Kg2 {[%clk 0:23:14]} Ne6 {[%clk 0:27:50]} 33. a5
{[%clk 0:15:00]} Nc5 {[%clk 0:27:52]} 34. Rf3 {[%clk 0:14:31]} Kg7
{[%clk 0:28:07]} 35. Kf1 {[%clk 0:14:22]} Bc7 {[%clk 0:28:22]} 36. Ke2
{[%clk 0:14:05]} Bxa5 {[%clk 0:28:31]} 37. g4 {[%clk 0:12:49]} Bc7
{[%clk 0:27:58]} 38. Kd2 {[%clk 0:12:16]} a5 {[%clk 0:27:40]} 39. Rf1
{[%clk 0:11:59]} a4 {[%clk 0:26:54]} 40. Kc2 {[%clk 0:11:09]} b3+
{[%clk 0:25:43]} 41. Kd2 {[%clk 0:10:53]} Ba5+ {[%clk 0:25:46]} 42. Ke2
{[%clk 0:11:04]} a3 {[%clk 0:25:28]} 43. bxa3 {[%clk 0:10:41]} b2
{[%clk 0:25:47]} 44. e5 {[%clk 0:10:01]} Bc7 {[%clk 0:25:02]} 45. e6
{[%clk 0:09:22]} Nxe6 {[%clk 0:25:10]} 46. Rb1 {[%clk 0:09:40]} Nf4+
{[%clk 0:25:33]} 47. Kd2 {[%clk 0:09:39]} Ba5+ {[%clk 0:25:59]} 48. Kc2
{[%clk 0:09:36]} Bc3 {[%clk 0:26:08]} 49. a4 {[%clk 0:09:13]} Ne6
{[%clk 0:25:50]} 50. a5 {[%clk 0:08:44]} Nc5 {[%clk 0:26:07]} 51. Rf1
{[%clk 0:07:32]} Na6 {[%clk 0:24:33]} 52. Rf3 {[%clk 0:07:13]} Nb4+
{[%clk 0:24:33]} 53. Kb1 {[%clk 0:07:23]} Nc6 {[%clk 0:24:47]} 54. Rf1
{[%clk 0:06:46]} Nxa5 {[%clk 0:25:05]} 55. Kc2 {[%clk 0:06:45]} Nc6
{[%clk 0:25:31]} 56. Rf3 {[%clk 0:06:13]} Ne5 {[%clk 0:25:56]} 57. Rg3
{[%clk 0:05:33]} Kf6 {[%clk 0:26:21]} 58. g5+ {[%clk 0:04:53]} hxg5
{[%clk 0:26:45]} 59. Kb1 {[%clk 0:04:42]} g4 {[%clk 0:27:08]} 60. Ka2
{[%clk 0:04:06]} Kf5 {[%clk 0:27:25]} 61. Rg1 {[%clk 0:03:58]} Nf3
{[%clk 0:27:43]} 0-1

[Event "2016 Redpath Mining Millionaire Chess Open"]
[Site "Venue: Old Ed’s Sports Complex, Houghton, Johannesburg"]
[Date "2016.07.13"]
[Round "1"]
[Board "17"]
[White "Musekiwa, Michael"]
[Black "Nyathi, Musa"]
[Result "1-0"]
[WhiteElo "1880"]
[BlackElo "1366"]
[PlyCount "0"]
[EventDate "2016.07.13"]
[EventRounds "9"]
[EventCountry "RSA"]

1. e4 {[%clk 1:30:57]} c5 {[%clk 1:30:50]} 2. Nf3 {[%clk 1:31:14]} Nc6
{[%clk 1:31:08]} 3. Bb5 {[%clk 1:31:12]} Nf6 {[%clk 1:31:10]} 4. Bxc6
{[%clk 1:30:29]} bxc6 {[%clk 1:30:28]} 5. d3 {[%clk 1:30:53]} g6 {[%clk 1:30:09]}
6. O-O {[%clk 1:30:57]} Bg7 {[%clk 1:30:35]} 7. Nc3 {[%clk 1:30:05]} Ba6
{[%clk 1:29:48]} 8. Be3 {[%clk 1:27:57]} d5 {[%clk 1:23:10]} 9. Bxc5
{[%clk 1:24:45]} dxe4 {[%clk 1:22:36]} 10. Re1 {[%clk 1:25:12]} Qa5
{[%clk 1:20:45]} 11. b4 {[%clk 1:24:00]} Qa3 {[%clk 1:20:39]} 12. Nxe4
{[%clk 1:22:29]} Nxe4 {[%clk 1:20:51]} 13. Rxe4 {[%clk 1:22:55]} Bxa1
{[%clk 1:12:38]} 14. Rxe7+ {[%clk 1:23:09]} Kf8 {[%clk 1:13:07]} 15. Qxa1
{[%clk 1:23:29]} Kg8 {[%clk 1:12:55]} 16. Ng5 {[%clk 1:21:18]} Rf8
{[%clk 1:11:34]} 17. Ne6 {[%clk 1:21:39]} Qc1+ {[%clk 1:10:30]} 18. Qxc1
{[%clk 1:22:07]} fxe6 {[%clk 1:10:52]} 19. Qh6 {[%clk 1:22:15]} 1-0

[Event "2016 Redpath Mining Millionaire Chess Open"]
[Site "Venue: Old Ed’s Sports Complex, Houghton, Johannesburg"]
[Date "2016.07.13"]
[Round "1"]
[Board "18"]
[White "Oosthuizen, Michal Jacobus"]
[Black "Priyanshu, Srivastava"]
[Result "1/2-1/2"]
[WhiteElo "1357"]
[BlackElo "1878"]
[PlyCount "0"]
[EventDate "2016.07.13"]
[EventRounds "9"]
[EventCountry "RSA"]

1. d4 {[%clk 1:30:56]} d5 {[%clk 1:30:55]} 2. Bf4 {[%clk 1:31:15]} Nf6
{[%clk 1:30:32]} 3. e3 {[%clk 1:30:56]} Bf5 {[%clk 1:29:50]} 4. Bd3
{[%clk 1:31:02]} Bg6 {[%clk 1:27:34]} 5. Bxg6 {[%clk 1:31:11]} hxg6
{[%clk 1:27:56]} 6. Nf3 {[%clk 1:31:10]} e6 {[%clk 1:26:42]} 7. Nbd2
{[%clk 1:30:45]} Nbd7 {[%clk 1:26:41]} 8. c3 {[%clk 1:30:44]} c5 {[%clk 1:24:46]}
9. O-O {[%clk 1:28:31]} Be7 {[%clk 1:23:20]} 10. Qc2 {[%clk 1:27:21]} Rc8
{[%clk 1:20:48]} 11. Ne5 {[%clk 1:27:07]} Nxe5 {[%clk 1:16:10]} 12. dxe5
{[%clk 1:26:32]} Nd7 {[%clk 1:14:47]} 13. Qa4 {[%clk 1:25:43]} a6
{[%clk 1:13:36]} 14. c4 {[%clk 1:23:47]} dxc4 {[%clk 1:11:27]} 15. Qxc4
{[%clk 1:19:01]} Nxe5 {[%clk 0:50:23]} 16. Bxe5 {[%clk 1:18:26]} Qxd2
{[%clk 0:50:17]} 17. Bxg7 {[%clk 1:14:39]} Rh4 {[%clk 0:50:11]} 18. Qc3
{[%clk 1:14:39]} Qd5 {[%clk 0:44:14]} 19. Bf6 {[%clk 1:13:56]} Bxf6
{[%clk 0:42:08]} 20. Qxf6 {[%clk 1:14:14]} Qh5 {[%clk 0:42:26]} 21. h3
{[%clk 1:13:59]} g5 {[%clk 0:41:03]} 22. Qe5 {[%clk 1:13:08]} Ke7
{[%clk 0:37:35]} 23. Rad1 {[%clk 1:12:58]} Rh8 {[%clk 0:35:07]} 24. f4
{[%clk 1:09:29]} gxf4 {[%clk 0:20:43]} 25. Qc7+ {[%clk 1:08:32]} Kf6
{[%clk 0:19:12]} 26. Rxf4+ {[%clk 1:08:56]} Kg7 {[%clk 0:11:12]} 27. Rdf1
{[%clk 1:08:43]} Rf8 {[%clk 0:11:09]} 28. Rxf7+ {[%clk 1:08:26]} Rxf7
{[%clk 0:10:18]} 29. Rxf7+ {[%clk 1:08:51]} Qxf7 {[%clk 0:10:40]} 30. Qg3+
{[%clk 1:09:16]} Qg6 {[%clk 0:10:55]} 31. Qxh4 {[%clk 1:09:36]} Qb1+
{[%clk 0:10:44]} 32. Kh2 {[%clk 1:10:00]} Qxb2 {[%clk 0:10:53]} 33. Qe7+
{[%clk 1:10:23]} Kh8 {[%clk 0:10:35]} 34. Qxe6 {[%clk 1:10:41]} a5
{[%clk 0:09:16]} 35. Qe8+ {[%clk 1:08:02]} Kh7 {[%clk 0:09:21]} 36. Qf7+
{[%clk 1:08:02]} Kh6 {[%clk 0:08:48]} 37. Qf8+ {[%clk 1:08:08]} Kh7
{[%clk 0:08:06]} 38. Qf7+ {[%clk 1:08:30]} Kh6 {[%clk 0:07:46]} 39. Qf8+
{[%clk 1:08:46]} Kg6 {[%clk 0:07:48]} 40. Qd6+ {[%clk 1:09:06]} Kf7
{[%clk 0:07:51]} 41. Qd7+ {[%clk 1:09:26]} Kf6 {[%clk 0:08:12]} 42. Qd8+
{[%clk 1:09:46]} Kf5 {[%clk 0:08:16]} 43. Qd7+ {[%clk 1:09:12]} Ke4
{[%clk 0:08:20]} 44. Qg4+ {[%clk 1:08:52]} Kxe3 {[%clk 0:06:55]} 45. Qg5+
{[%clk 1:09:17]} Ke4 46. Qg4+ Kd5 47. Qf5+ Kc6 48. Qe6+ Kb5 1/2-1/2

[Event "2016 Redpath Mining Millionaire Chess Open"]
[Site "Venue: Old Ed’s Sports Complex, Houghton, Johannesburg"]
[Date "2016.07.13"]
[Round "1"]
[Board "19"]
[White "Mateus, Domingos"]
[Black "Odendaal, Ruben Lourens"]
[Result "1-0"]
[WhiteElo "1877"]
[BlackElo "1300"]
[PlyCount "0"]
[EventDate "2016.07.13"]
[EventRounds "9"]
[EventCountry "RSA"]

1. e4 {[%clk 1:30:50]} e6 {[%clk 1:30:19]} 2. d4 {[%clk 1:31:07]} d5
{[%clk 1:30:00]} 3. exd5 {[%clk 1:30:43]} exd5 {[%clk 1:30:10]} 4. Bd3
{[%clk 1:31:08]} Nf6 {[%clk 1:29:37]} 5. Bg5 {[%clk 1:31:12]} Be7
{[%clk 1:29:55]} 6. Nf3 {[%clk 1:31:27]} O-O {[%clk 1:26:40]} 7. O-O
{[%clk 1:31:21]} Bg4 {[%clk 1:25:37]} 8. Nbd2 {[%clk 1:31:19]} Nc6
{[%clk 1:25:12]} 9. c3 {[%clk 1:31:17]} h6 {[%clk 1:22:18]} 10. Bh4
{[%clk 1:30:20]} Qd6 {[%clk 1:21:16]} 11. Qc2 {[%clk 1:29:50]} Rfe8
{[%clk 1:18:33]} 12. Rfe1 {[%clk 1:28:10]} Qf4 {[%clk 1:17:03]} 13. Bg3
{[%clk 1:28:11]} Qxg3 {[%clk 1:09:52]} 14. hxg3 {[%clk 1:28:20]} Bd6
{[%clk 1:08:25]} 15. Rxe8+ {[%clk 1:28:26]} Rxe8 {[%clk 1:08:42]} 16. Re1
{[%clk 1:28:53]} Rxe1+ {[%clk 1:06:33]} 17. Nxe1 {[%clk 1:29:21]} Ne7
{[%clk 1:06:16]} 18. Ndf3 {[%clk 1:29:25]} c6 {[%clk 1:05:21]} 19. c4
{[%clk 1:28:28]} Be6 {[%clk 1:04:20]} 20. c5 {[%clk 1:28:27]} Bc7
{[%clk 1:04:00]} 21. Qa4 {[%clk 1:26:16]} a6 {[%clk 1:03:34]} 22. Qb3
{[%clk 1:26:20]} Bc8 {[%clk 1:02:57]} 23. Ne5 {[%clk 1:26:35]} Bxe5
{[%clk 0:59:13]} 24. dxe5 {[%clk 1:26:57]} Nd7 {[%clk 0:59:10]} 25. Qc3
{[%clk 1:27:20]} f6 {[%clk 0:56:18]} 26. Nf3 {[%clk 1:27:14]} fxe5
{[%clk 0:54:54]} 27. Nxe5 {[%clk 1:27:37]} Nf6 {[%clk 0:54:48]} 28. Ng6
{[%clk 1:27:59]} Nxg6 {[%clk 0:53:32]} 29. Bxg6 {[%clk 1:28:25]} Kf8
{[%clk 0:53:23]} 30. Qe5 {[%clk 1:28:46]} Kg8 {[%clk 0:53:01]} 31. Qb8
{[%clk 1:29:09]} Kf8 {[%clk 0:53:06]} 32. Qd6+ {[%clk 1:29:30]} Kg8
{[%clk 0:52:39]} 33. Qd8+ {[%clk 1:29:58]} Ne8 {[%clk 0:52:35]} 34. Qxe8#
{[%clk 1:30:26]} 1-0

[Event "2016 Redpath Mining Millionaire Chess Open"]
[Site "Venue: Old Ed’s Sports Complex, Houghton, Johannesburg"]
[Date "2016.07.13"]
[Round "1"]
[Board "20"]
[White "Smith, Elani"]
[Black "Wilken, Justin Barend"]
[Result "1-0"]
[WhiteElo "1168"]
[BlackElo "1854"]
[PlyCount "0"]
[EventDate "2016.07.13"]
[EventRounds "9"]
[EventCountry "RSA"]

1. e4 {[%clk 1:30:55]} c6 {[%clk 1:29:45]} 2. d4 {[%clk 1:30:26]} d5
{[%clk 1:30:10]} 3. Nc3 {[%clk 1:29:54]} g6 {[%clk 1:30:14]} 4. Nf3
{[%clk 1:28:59]} Bg4 {[%clk 1:30:35]} 5. Be2 {[%clk 1:23:31]} Bxf3
{[%clk 1:30:29]} 6. Bxf3 {[%clk 1:23:44]} e6 {[%clk 1:30:35]} 7. O-O
{[%clk 1:22:42]} Bg7 {[%clk 1:30:43]} 8. Be3 {[%clk 1:20:28]} Ne7
{[%clk 1:29:32]} 9. Ne2 {[%clk 1:13:43]} Nd7 {[%clk 1:22:47]} 10. c3
{[%clk 1:10:44]} O-O {[%clk 1:18:28]} 11. Ng3 {[%clk 1:07:54]} f5
{[%clk 1:10:01]} 12. exf5 {[%clk 1:07:54]} Nxf5 {[%clk 1:10:01]} 13. Nxf5
{[%clk 1:07:54]} exf5 {[%clk 1:10:01]} 14. Qd2 {[%clk 1:03:00]} Qb6
{[%clk 1:05:24]} 15. Rfe1 {[%clk 1:00:11]} Nf6 {[%clk 1:05:06]} 16. g3
{[%clk 0:36:04]} Ne4 {[%clk 1:04:44]} 17. Qc2 {[%clk 0:34:46]} Rae8
{[%clk 1:01:43]} 18. Bg2 {[%clk 0:29:47]} Nd6 {[%clk 0:50:26]} 19. Bf4
{[%clk 0:26:06]} Nf7 {[%clk 0:50:20]} 20. Re2 {[%clk 0:21:10]} Qa6
{[%clk 0:46:29]} 21. Be3 {[%clk 0:10:16]} Re6 {[%clk 0:45:32]} 22. b3
{[%clk 0:07:10]} Rfe8 {[%clk 0:44:46]} 23. Rae1 {[%clk 0:07:04]} b6
{[%clk 0:36:37]} 24. c4 {[%clk 0:06:06]} dxc4 {[%clk 0:34:40]} 25. bxc4
{[%clk 0:06:20]} Qc8 {[%clk 0:32:41]} 26. d5 {[%clk 0:04:55]} cxd5 27. cxd5
{[%clk 0:04:53]} R6e7 {[%clk 0:30:53]} 28. Rd1 {[%clk 0:03:40]} Nd6
{[%clk 0:30:35]} 29. Rc1 {[%clk 0:02:56]} Qa6 {[%clk 0:28:12]} 30. Ree1
{[%clk 0:01:58]} Bd4 {[%clk 0:22:54]} 31. Qd2 {[%clk 0:01:31]} Bf6
{[%clk 0:19:09]} 32. Bf4 {[%clk 0:01:13]} Nc4 {[%clk 0:14:45]} 33. Qb4
{[%clk 0:01:33]} Qa3 {[%clk 0:13:13]} 34. Bd2 {[%clk 0:01:25]} Rxe1+
{[%clk 0:12:09]} 35. Rxe1 {[%clk 0:01:44]} Rxe1+ {[%clk 0:10:24]} 36. Bxe1
{[%clk 0:02:12]} Qxb4 {[%clk 0:07:45]} 37. Bxb4 {[%clk 0:02:37]} a5
{[%clk 0:06:40]} 38. Bf1 {[%clk 0:02:28]} Ne5 {[%clk 0:05:59]} 39. Bd6
{[%clk 0:02:30]} Nf3+ {[%clk 0:05:20]} 40. Kg2 {[%clk 0:02:54]} Ne1+
{[%clk 0:05:43]} 41. Kg1 {[%clk 0:03:10]} Bd4 {[%clk 0:04:26]} 42. Bc7
{[%clk 0:03:10]} Kf8 {[%clk 0:02:27]} 43. d6 {[%clk 0:03:21]} Nf3+
{[%clk 0:02:08]} 44. Kg2 {[%clk 0:03:47]} Ne5 {[%clk 0:02:00]} 45. f4
{[%clk 0:03:43]} Nf7 {[%clk 0:01:33]} 46. Bc4 {[%clk 0:03:50]} Nxd6
{[%clk 0:00:46]} 47. Bxd6+ {[%clk 0:04:13]} Ke8 {[%clk 0:01:05]} 48. a4
{[%clk 0:04:15]} Kd7 {[%clk 0:01:24]} 49. Be5 {[%clk 0:04:04]} Bc5
{[%clk 0:01:24]} 50. Kf3 {[%clk 0:04:09]} Ke7 {[%clk 0:02:06]} 51. h3
{[%clk 0:04:04]} h5 {[%clk 0:02:00]} 52. g4 {[%clk 0:04:14]} h4 {[%clk 0:02:19]}
53. gxf5 {[%clk 0:04:17]} gxf5 {[%clk 0:02:49]} 54. Bc3 {[%clk 0:04:17]} Kd7
{[%clk 0:02:52]} 55. Be1 {[%clk 0:04:24]} Be7 {[%clk 0:03:20]} 56. Bd3
{[%clk 0:04:17]} Ke6 {[%clk 0:03:48]} 57. Bf2 {[%clk 0:04:16]} Bd8
{[%clk 0:04:15]} 58. Ke3 {[%clk 0:04:26]} Be7 {[%clk 0:04:37]} 59. Kd2
{[%clk 0:04:28]} Bd6 {[%clk 0:05:04]} 60. Bxb6 {[%clk 0:03:37]} Bxf4+
{[%clk 0:05:33]} 61. Ke2 {[%clk 0:03:53]} Bd6 {[%clk 0:05:05]} 62. Bxa5
{[%clk 0:03:52]} Ke5 {[%clk 0:05:09]} 63. Be1 {[%clk 0:03:30]} Bc7
{[%clk 0:05:09]} 64. Bxh4 {[%clk 0:03:41]} Kf4 {[%clk 0:05:20]} 65. Be1
{[%clk 0:03:33]} Kg5 {[%clk 0:05:02]} 66. a5 {[%clk 0:03:34]} f4 {[%clk 0:05:02]}
67. a6 {[%clk 0:03:34]} Bb8 {[%clk 0:05:25]} 68. Bf2 {[%clk 0:03:39]} Kh5
{[%clk 0:05:45]} 69. a7 {[%clk 0:03:40]} Bxa7 {[%clk 0:06:14]} 70. Bxa7
{[%clk 0:04:05]} Kh4 {[%clk 0:06:40]} 1-0